Commerce (Record no. 854)

MARC details
005 - DATE AND TIME OF LATEST TRANSACTION
control field 20250318081151.0
020 ## - INTERNATIONAL STANDARD BOOK NUMBER
International Standard Book Number 0 582 41012.2
082 ## - DEWEY DECIMAL CLASSIFICATION NUMBER
Classification number 380 WIL
100 ## - MAIN ENTRY--PERSONAL NAME
Author name WILLIAMS, T. D.
245 ## - TITLE STATEMENT
Title Commerce
250 ## - EDITION STATEMENT
Edition statement 5th Ed.
260 ## - PUBLICATION, DISTRIBUTION, ETC.
Place of publication, distribution, etc. London,
Name of publisher, distributor, etc. Longman,
Date of publication, distribution, etc. 1956.
300 ## - PHYSICAL DESCRIPTION
Extent vii, 294p.: picture
Other physical details Index
Dimensions 21cm
700 ## - ADDED ENTRY--PERSONAL NAME
Other authors/Editors PINCOTT, M.
942 ## - ADDED ENTRY ELEMENTS (KOHA)
Source of classification or shelving scheme Dewey Decimal Classification
Koha item type Books
Holdings
Date last seen Total checkouts Full call number Barcode Cost, replacement price Price effective from Koha item type Lost status Source of classification or shelving scheme Damaged status Not for loan Withdrawn status Home library Current library Shelving location Date acquired Cost, normal purchase price
03/18/2025   380 WIL 0000003489 30000.00 03/18/2025 Books   Dewey Decimal Classification       College of Business Education Main Library College of Business Education Main Library General Collection 03/18/2025 10000.00